Illstrated Oxford Dictionary (Record no. 3628)

MARC details
000 -LEADER
fixed length control field 00354nam a22001577a 4500
005 - DATE AND TIME OF LATEST TRANSACTION
control field 20160623100735.0
008 - FIXED-LENGTH DATA ELEMENTS--GENERAL INFORMATION
fixed length control field 160623b xxu||||| |||| 00| 0 eng d
020 ## - INTERNATIONAL STANDARD BOOK NUMBER
ISBN 140532029-X
041 ## - LANGUAGE CODE
Language code of text/sound track or separate title eng
082 ## - DEWEY DECIMAL CLASSIFICATION NUMBER
Item number 9268
245 ## - TITLE STATEMENT
Title Illstrated Oxford Dictionary
260 ## - PUBLICATION, DISTRIBUTION, ETC. (IMPRINT)
Name of publisher Dorly and Oxford
300 ## - PHYSICAL DESCRIPTION
Number of Pages 1007
650 ## - SUBJECT ADDED ENTRY--TOPICAL TERM
Topical Term Management
942 ## - ADDED ENTRY ELEMENTS (KOHA)
Koha item type Books
Holdings
Lost status Damaged status Collection code Home library Current library Shelving location Date acquired Full call number Accession Number Koha item type
    LIFE SKILL JRU Library JRU Library SHELF-103-D 23/06/2016 423 9268 Books